000 00568nam a2200229Ia 4500
003 OSt
005 20220924142002.0
006 a|||||r|||| 00| 0
007 ta
008 220923b |||||||| |||| 00| 0 tel d
024 _a299987
037 _cTextual
040 _aARTS
_cARTS
_btel
041 _2tel
_atel
082 _aO168vN3, 35K3
100 _aHussen Au.
_9212764
245 0 _aUrdu sahitya charitra
260 _c1963
650 _aURDU LITERATURE
942 _hO168vN3, 35K3
_cTEXL
_2CC
999 _c448889
_d448889